Województwa II RP - quiz na mapie - Statystyki

Ogólne statystyki
  • Ten quiz został rozwiązany 48 razy
  • Średni wynik to 14 z 17
Odpowiedzi na mapie
Odpowiedzi zakodowano w zielono-czerwonej skali na mapie do tego quizu, zgodnie z poniższymi procentami.
 
Statystyki odpowiedzi
Odpowiedź % Poprawnych
Warszawskie
100%
Pomorskie
96%
Poznańskie
96%
Warszawa
96%
Krakowskie
93%
Łódzkie
93%
Śląskie
93%
Wileńskie
89%
Białostockie
81%
Kieleckie
81%
Lwowskie
81%
Lubelskie
78%
Nowogrodzkie
63%
Wołyńskie
63%
Stanisławowskie
59%
Tarnopolskie
59%
Poleskie
56%
Nie znaleziono quizów pasujących do podanych kryteriów
Rozkład punktacji
Procent ludzi z każdym wynikiem
Percentyl według liczby udzielonych odpowiedzi
Twoja historia wyników
Nie rozwiązałeś tego quizu